Japanese cities by multiple clues - Statistics

General Stats
  • This quiz has been taken 29 times
  • The average score is 11 of 15
Answer Stats
Hint Answer % Correct
This major city adjacent to Tokyo is famous for its motorcycles. Kawasaki
100%
Serving as the capital for over 1000 years, this is one of the oldest places in Japan. Kyoto
100%
Wikipedia considers this the world's largest city by urban area population. Tokyo
100%
An earthquake and tsunami caused meltdowns at the nuclear plant here in 2011. The city lies on the Abukuma river and has a basketball team called the Firebonds. Fukushima
96%
Japan's self-isolation ended in 1853, when they met with a US party in this southern city, which would later be destroyed by an atom bomb. Nagasaki
93%
This beer-brewing centre hosted the 1972 Winter Olympics. Sapporo
89%
This motor hub in Aichi is the home of the world's largest car maker. Toyota
81%
The Shinano river, Japan's longest, flows through this Winter Olympic host venue. Nagano
74%
Closer to Taiwan than to the four main Japanese islands, this is the main city of Okinawa. Naha
67%
A 58-year-old woman sneaked into a man's flat in this Kyushu city and lived in his cupboard for months before she was discovered. Fukuoka
56%
"I don't need to scratch myself" could be a cryptic clue to this Aichi city's name. Ichinomiya
56%
This megacity runs a contest for mini-gardens which are driven around on the backs of trucks. Osaka
56%
A food company from this west coast port sell a snack whose name means "Painful Sadness". Niigata
52%
This metropolis is the country's largest seaport and the home of Lexus and football team Grampus. Nagoya
44%
The mosquito coil was invented here; the town is also the birthplace of the WW2 soldier who held out in the jungle until 1974. Kainan
41%
No matching quizzes found
Score Distribution
Percent of People with Each Score
Percentile by Number Answered
Your Score History
You have not taken this quiz